000 00379 a2200157 4500
001 192471
020 _a978-85-260-2203-4
040 _cMagnum
100 _aLessa, Origenes
240 1 0 _aAventuras do barão de munchhausen
_lpor
245 1 0 _aAventuras do barão de munchhausen
300 _a121
362 0 _a2016
697 _aLITERATURA JUVENIL ESTRANGEIRA
942 _cBK
999 _c192471
_d192471